000
00287 a2200121 4500
000
nam a22 7a 4500
005
20260207155810.0
020
_a
9788120841758
100
_a
Ramesh K Sharma
_9
1114392
245
_a
Yuktidipika
260
_b
Motilal Banarsidass
_c
2023
942
_c
TEXL
999
_c
1678936
_d
1678936